[Event "FISCA Online op"]
[Site "Chess.com INT"]
[Date "2020.06.28"]
[Round "9"]
[White "Avichal, Jadeja"]
[Black "Suhaas, A."]
[Result "1-0"]
[WhiteElo "1321"]
[BlackElo "1522"]
[PlyCount "57"]
[EventDate "2020.06.19"]
[EventType "swiss"]
[EventRounds "9"]
[EventCountry "ROU"]
[SourceTitle "CBM 197 Extra"]
[Source "ChessBase"]
[SourceDate "2020.09.30"]
[SourceVersion "1"]
[SourceVersionDate "2020.09.30"]
[SourceQuality "1"]

1. e4 c5 2. Nf3 Nc6 3. d4 cxd4 4. Nxd4 g6 5. Be3 Bg7 6. Nc3 Nf6 7. Bc4 Qa5 8. f3 Qb4 9. Nxc6 bxc6 10. Bb3 Ba6 11. Qd4 d6 12. Qxb4 0-0 13. 0-0-0 Rab8 14. Qa4 Bb5 15. Nxb5 cxb5 16. Qxa7 Rfc8 17. Qxe7 Ne8 18. Bxf7+ Kh8 19. Bxe8 Rxe8 20. Qxd6 Be5 21. Qd5 b4 22. Bd4 Bxd4 23. Rxd4 b3 24. cxb3 Rec8+ 25. Kb1 Rg8 26. Qe5+ Rg7 27. Qxb8+ Rg8 28. Qe5+ Rg7 29. Rd8# 1-0